[Event "Abergavenny v Newport"]
[Site "?"]
[Date "2023.10.22"]
[Round "1"]
[White "Morris, Charles"]
[Black "Varley, Peter"]
[Result "1/2-1/2"]
[WhiteElo "2016"]
[BlackElo "2178"]
[PlyCount "35"]
[EventDate "2023.??.??"]

1. Nf3 d5 2. e3 Nf6 3. b3 g6 4. Bb2 Bg7 5. Be2 O-O 6. O-O c6 7. d3 Nbd7 8. Nbd2 Re8 9. d4 b6 10. c4 Bb7 11. cxd5 cxd5 12. Rc1 Rc8 13. Rxc8 Qxc8 14. b4 a6 15. a4 Qc7 16. Qb3 Rc8 17. h3 Qc2 18. Bd3 1/2-1/2

[Event "Abergavenny v Newport"]
[Site "?"]
[Date "2023.10.22"]
[Round "1"]
[White "Owen, Andrew"]
[Black "Turner, Joseph David"]
[Result "1-0"]
[WhiteElo "1970"]
[BlackElo "1863"]
[PlyCount "81"]
[EventDate "2023.??.??"]

1. e4 e5 2. Nf3 Nc6 3. Bb5 a6 4. Ba4 d6 5. c3 f5 6. exf5 Bxf5 7. Qe2 Be7 8. d3 b5 9. Bc2 Nf6 10. Bg5 O-O 11. Nbd2 Kh8 12. O-O Nd5 13. Be3 Nf4 14. Bxf4 exf4 15. Bb3 Ne5 16. Nxe5 dxe5 17. Qxe5 Bxd3 18. Rfe1 Bd6 19. Qd4 f3 20. Bd5 Be2 21. Bxf3 c5 22. Qe3 Bxf3 23. Nxf3 Rf5 24. Rad1 Qc7 25. Qe4 Raf8 26. h3 c4 27. Rd5 Rxd5 28. Qxd5 Bc5 29. Qe5 Qb6 30. Nd4 b4 31. Re2 bxc3 32. bxc3 Bd6 33. Qe6 Bc5 34. Qxc4 Qb1+ 35. Kh2 Bd6+ 36. g3 Qf1 37. Nf3 Be7 38. Qe4 Bc5 39. Nd4 Rxf2+ 40. Rxf2 Qxf2+ 41. Qg2 1-0

[Event "Abergavenny v Newport"]
[Site "?"]
[Date "2023.10.22"]
[Round "1"]
[White "Connolly, David"]
[Black "Miles, Richard"]
[Result "0-1"]
[WhiteElo "1537"]
[BlackElo "1958"]
[PlyCount "46"]
[EventDate "2023.??.??"]

1. e4 c5 2. Nf3 Nc6 3. d4 cxd4 4. Nxd4 g6 5. c3 Bg7 6. Be3 Nf6 7. f3 O-O 8. Qd2 d5 9. Nxc6 bxc6 10. e5 Nd7 11. f4 e6 12. Na3 Qa5 13. Bd3 Ba6 14. O-O Bxd3 15. Qxd3 Rab8 16. Rab1 f6 17. exf6 Nxf6 18. Bd4 Ne4 19. Be3 Nxc3 20. Bd2 Qc5+ 21. Kh1 Nxb1 22. Rxb1 Rxb2 23. Rxb2 Bxb2 0-1

[Event "Abergavenny v Newport"]
[Site "?"]
[Date "2023.10.22"]
[Round "1"]
[White "Llewellyn, David"]
[Black "Forsey, Tomas"]
[Result "0-1"]
[WhiteElo "1831"]
[BlackElo "1432"]
[Annotator "Paul,Hatchett"]
[PlyCount "75"]
[EventDate "2023.??.??"]

1. d4 f5 2. Bg5 h6 3. Bh4 g5 4. e4 Nf6 5. e5 Ng4 6. h3 gxh4 7. hxg4 Bg7 8. gxf5 O-O 9. Bd3 Nc6 10. c3 a6 11. Nf3 b5 12. Nxh4 d6 13. e6 Bb7 14. Nd2 Na5 15. Rh2 c5 16. Ng6 Rf6 17. Qg4 cxd4 18. cxd4 Rc8 19. Ke2 Nc6 20. Rah1 Kh7 21. Nf3 Qe8 22. Ng5+ Kg8 23. Nf7 Nxd4+ 24. Qxd4 Rxe6+ 25. Nge5 dxe5 26. Qg4 Rf6 27. Nxe5 Rc5 28. Nf3 Bxf3+ 29. gxf3 Kh7 30. Kf1 Rc1+ 31. Kg2 Rxh1 32. Rxh1 Qd7 33. Bb1 Qd5 34. Re1 Qd6 35. Qe4 Bf8 36. f4 Kg7 37. a3 Kf7 38. Kg3 {White lost on time} 0-1

[Event "Abergavenny v Newport"]
[Site "?"]
[Date "2023.10.22"]
[Round "1"]
[White "Muza, Robert"]
[Black "Dixon, Chris"]
[Result "1/2-1/2"]
[WhiteElo "1298"]
[BlackElo "1647"]
[PlyCount "100"]
[EventDate "2023.??.??"]

1. e4 d6 2. d4 Nf6 3. Nc3 g6 4. Be3 Bg7 5. Bd3 O-O 6. Qe2 c6 7. h4 h5 8. O-O-O Qa5 9. Kb1 b5 10. Rc1 b4 11. Nd1 Ba6 12. f3 Bxd3 13. cxd3 Qc7 14. g4 a5 15. gxh5 Nxh5 16. Qg2 e5 17. d5 c5 18. Nh3 Nd7 19. f4 exf4 20. Nxf4 Ndf6 21. Nxh5 Nxh5 22. Nf2 Qe7 23. Qg4 Qe5 24. Rc2 a4 25. Rd2 a3 26. d4 cxd4 27. Bxd4 Qf4 28. Qxf4 Nxf4 29. Bxg7 Kxg7 30. Nd3 Nxd3 31. Rxd3 Rfe8 32. Rd4 Rab8 33. Rc1 Rh8 34. Rh1 Rh5 35. Kc2 axb2 36. Kxb2 Rbh8 37. Rxb4 Rxh4 38. Rxh4 Rxh4 39. a4 Kf6 40. a5 Rh8 41. a6 Ra8 42. Ra4 Ke5 43. Kc3 f5 44. exf5 gxf5 45. Ra5 Ke4 46. Kd2 Kd4 47. a7 f4 48. Ke2 Ke4 49. Kf2 Kf5 50. Kf3 Ke5 1/2-1/2

[Event "Cardiff v Morriston Plus"]
[Site "?"]
[Date "2023.10.22"]
[Round "1"]
[White "Musson, Adam"]
[Black "Brown, Tom"]
[Result "0-1"]
[WhiteElo "2002"]
[BlackElo "2104"]
[PlyCount "80"]
[EventDate "2023.??.??"]

1. e4 c5 2. Nf3 g6 3. d4 cxd4 4. Nxd4 Nc6 5. c4 Nf6 6. Nc3 Nxd4 7. Qxd4 d6 8. Be3 Bg7 9. f3 O-O 10. Qd2 Bd7 11. Be2 a5 12. Rc1 Bc6 13. b3 Nd7 14. O-O Nc5 15. Bd3 e6 16. Bb1 Qe7 17. Rce1 Rfd8 18. Nd5 Qf8 19. Nc7 Ra7 20. Nb5 Bxb5 21. cxb5 b6 22. Qf2 d5 23. e5 Rc8 24. f4 f6 25. Qg3 f5 26. Bd4 Qe8 27. a4 Bf8 28. Qe3 Nd7 29. Kh1 Bc5 30. h4 Rac7 31. Rd1 Qe7 32. g3 Bxd4 33. Rxd4 Rc3 34. Rd3 Qc5 35. Rxc3 Qxc3 36. Bd3 Qxb3 37. Rc1 Rxc1+ 38. Qxc1 Nc5 39. Bc2 Qxg3 40. Qf1 Qxh4+ 0-1

[Event "Cardiff v Morriston Plus"]
[Site "?"]
[Date "2023.10.22"]
[Round "1"]
[White "Toczek, Grzegorz"]
[Black "Kozusek, Daniel"]
[Result "1/2-1/2"]
[WhiteElo "2267"]
[BlackElo "2355"]
[PlyCount "96"]
[EventDate "2023.??.??"]

1. e4 c6 2. d4 d5 3. Nc3 dxe4 4. Nxe4 Nf6 5. Nxf6+ exf6 6. c3 Bd6 7. Bd3 O-O 8. Qc2 Re8+ 9. Ne2 h5 10. O-O h4 11. Nf4 Nd7 12. Qd1 Nf8 13. Qh5 Bxf4 14. Bxf4 h3 15. gxh3 Be6 16. Rfe1 Qd7 17. Re3 g6 18. Rg3 Qd5 19. Qxd5 Bxd5 20. h4 Be4 21. Bf1 Ne6 22. Be3 Ng7 23. Bd2 Re7 24. Bh3 Bf5 25. Bf1 Be4 26. Bh3 Rae8 27. Re3 Bd5 28. b3 Rxe3 29. fxe3 Re4 30. c4 Be6 31. Bg2 Rxh4 32. e4 Bh3 33. Bf3 Ne6 34. Be3 f5 35. exf5 Nxd4 36. Bxd4 Rxd4 37. fxg6 fxg6 38. Kf2 Rd2+ 39. Kg3 Bf5 40. Rd1 Rxa2 41. Rd8+ Kf7 42. Rb8 b6 43. Bxc6 Ra3 44. Kf4 Rxb3 45. Bd5+ Kf6 46. Rf8+ Ke7 47. Rf7+ Kd6 48. Rxa7 Rh3 1/2-1/2

[Event "Cardiff v Morriston Plus"]
[Site "?"]
[Date "2023.10.22"]
[Round "1"]
[White "Smith, Olivia"]
[Black "Jones, Ian"]
[Result "1-0"]
[WhiteElo "2072"]
[BlackElo "1944"]
[PlyCount "81"]
[EventDate "2023.??.??"]

1. e4 e5 2. Nf3 d6 3. d4 exd4 4. Nxd4 Nf6 5. Nc3 Be7 6. Be3 O-O 7. Be2 Re8 8. O-O Bf8 9. Bg5 Be7 10. Bf4 Nbd7 11. Bc4 Bf8 12. Re1 a6 13. a4 Nc5 14. Qf3 c6 15. h3 Ne6 16. Nxe6 Bxe6 17. Bd3 Nd7 18. Qg3 Ne5 19. Bxe5 dxe5 20. Qxe5 Bxh3 21. Qh5 Be6 22. e5 g6 23. Qh2 Bg7 24. Ne4 b5 25. Qf4 Qe7 26. Nf6+ Bxf6 27. exf6 Qf8 28. Re5 Bd5 29. Rae1 Rxe5 30. Rxe5 Re8 31. axb5 axb5 32. Rxe8 Qxe8 33. Qh6 Qf8 34. Qe3 Be6 35. Qe5 h6 36. Bxg6 Kh8 37. Bd3 Qg8 38. Qf4 Qg5 39. Qe4 Qg8 40. Qxc6 Qd8 41. Qe4 1-0

[Event "Cardiff v Morriston Plus"]
[Site "?"]
[Date "2023.10.22"]
[Round "1"]
[White "Bevan, Peter"]
[Black "Fathallah, Joe"]
[Result "0-1"]
[WhiteElo "1865"]
[BlackElo "1984"]
[PlyCount "66"]
[EventDate "2023.??.??"]

1. d4 f5 2. Bg5 h6 3. Bh4 g5 4. Bg3 Nf6 5. e3 Bg7 6. Bd3 d6 7. h4 g4 8. Nc3 Nh5 9. Nge2 O-O 10. Nf4 Nxf4 11. Bxf4 e5 12. dxe5 dxe5 13. Bc4+ Kh7 14. Qxd8 Rxd8 15. Bg5 hxg5 16. Bf7 gxh4 17. Rxh4+ Bh6 18. Ke2 c6 19. Rah1 Rd6 20. f3 gxf3+ 21. gxf3 Kg7 22. Bh5 Na6 23. Rg1+ Kh7 24. Bf7 Bd7 25. Nd1 Rf8 26. Bc4 b5 27. Bd3 Nc5 28. Nf2 Nxd3 29. Nxd3 Re8 30. e4 fxe4 31. fxe4 Rg6 32. Rf1 Kg7 33. Rf5 Bxf5 0-1

[Event "Cardiff v Morriston Plus"]
[Site "?"]
[Date "2023.10.22"]
[Round "1"]
[White "Vlkova, Anezka"]
[Black "Gibbons, Andrew"]
[Result "0-1"]
[WhiteElo "1924"]
[BlackElo "1911"]
[PlyCount "72"]
[EventDate "2023.??.??"]

1. e4 c5 2. Nc3 Nc6 3. g3 g6 4. Bg2 Bg7 5. Nge2 d6 6. O-O Nf6 7. d3 O-O 8. h3 Nd4 9. Rb1 Rb8 10. Be3 Nd7 11. b4 b6 12. Qd2 Nxe2+ 13. Nxe2 Bb7 14. Bh6 Qc7 15. Bxg7 Kxg7 16. b5 a5 17. Qc3+ Kg8 18. h4 Nf6 19. Nf4 Rbc8 20. Bh3 Rcd8 21. g4 d5 22. Nxd5 Nxd5 23. exd5 Bxd5 24. a4 Qf4 25. Qe1 Qf3 26. Kh2 Qf4+ 27. Kg1 Bf3 28. Qe3 Rd4 29. Ra1 Bxg4 30. Qxf4 Rxf4 31. Kg2 Rd8 32. Kg3 Bxh3 33. Kxf4 Bxf1 34. Rxf1 Rd4+ 35. Ke5 f6+ 36. Ke6 Kf8 0-1

[Event "Cardiff v Morriston Plus"]
[Site "?"]
[Date "2023.10.22"]
[Round "1"]
[White "Moore, Robert"]
[Black "Mba, Reginald"]
[Result "1/2-1/2"]
[WhiteElo "1802"]
[BlackElo "1755"]
[PlyCount "105"]
[EventDate "2023.??.??"]

1. d4 d5 2. Nf3 Nf6 3. e3 e6 4. Bd3 c5 5. c3 Bd6 6. Nbd2 Nc6 7. O-O O-O 8. e4 dxe4 9. Nxe4 Nxe4 10. Bxe4 cxd4 11. Nxd4 Nxd4 12. Qxd4 Qc7 13. g3 Rd8 14. Qe3 h6 15. Qf3 f5 16. Bc2 Rf8 17. Re1 e5 18. Qd5+ Kh8 19. Bd2 Bd7 20. Rad1 Bc6 21. Qd3 Rad8 22. Qe2 Qf7 23. Bb3 Qg6 24. Be3 f4 25. Bxa7 fxg3 26. fxg3 Bf3 27. Rxd6 Qxd6 28. Qxe5 Qd2 29. Bf2 Bc6 30. Re2 Qc1+ 31. Re1 Qxb2 32. Re2 Qb1+ 33. Re1 Qd3 34. Bd4 Rxd4 35. cxd4 Re8 36. Qxe8+ Bxe8 37. Rxe8+ Kh7 38. d5 Kg6 39. Kf2 Kg5 40. h3 h5 41. Re5+ Kh6 42. h4 Qd4+ 43. Re3 g5 44. hxg5+ Kxg5 45. Kf3 Qg4+ 46. Kf2 Qd4 47. Kf3 b5 48. Re4 Qd3+ 49. Re3 Qf1+ 50. Ke4 Qf5+ 51. Kd4 Qf2 52. Ke4 Qf5+ 53. Kd4 1/2-1/2

[Event "North Cardiff v The Full Ponty"]
[Site "?"]
[Date "2023.10.22"]
[Round "1"]
[White "Camacho Collados, Jose"]
[Black "Perrett, David"]
[Result "1-0"]
[WhiteElo "2375"]
[BlackElo "1926"]
[PlyCount "71"]
[EventDate "2023.??.??"]

1. Nf3 f5 2. d3 g6 3. e4 d6 4. exf5 Bxf5 5. d4 Bg7 6. Bd3 Qd7 7. O-O Nc6 8. Re1 O-O-O 9. d5 Ne5 10. Bxf5 Nxf3+ 11. Qxf3 gxf5 12. c4 Re8 13. Re6 Rf8 14. Nc3 Rf6 15. Re2 Rg6 16. Bd2 Be5 17. Bf4 Bxc3 18. Qxc3 Nf6 19. Qe3 b6 20. Qxe7 Rhg8 21. Qxd7+ Kxd7 22. f3 h5 23. h4 Re8 24. Rxe8 Kxe8 25. Re1+ Kf7 26. Bg5 Kf8 27. Re6 Kf7 28. Kf2 b5 29. b3 bxc4 30. bxc4 Ne8 31. Re7+ Kf8 32. Ke3 Rg7 33. Rxg7 Kxg7 34. Kf4 Kg6 35. Bd8 a6 36. a3 1-0

[Event "North Cardiff v The Full Ponty"]
[Site "?"]
[Date "2023.10.22"]
[Round "1"]
[White "Jukes, Sam"]
[Black "Heaven, Peter"]
[Result "0-1"]
[WhiteElo "1920"]
[BlackElo "1949"]
[PlyCount "76"]
[EventDate "2023.??.??"]

1. e4 c5 2. Nf3 Nc6 3. d4 cxd4 4. Nxd4 e5 5. Nb5 d6 6. N1c3 a6 7. Na3 b5 8. Nd5 Be6 9. Be3 Bxd5 10. exd5 Nce7 11. Nxb5 Nf5 12. Qf3 Nxe3 13. Qxe3 axb5 14. Bxb5+ Ke7 15. O-O g6 16. Bc6 Bh6 17. f4 Nf6 18. Qe2 e4 19. g4 Bg7 20. g5 Nh5 21. Qxe4+ Kf8 22. Bxa8 Qxa8 23. c3 Qa7+ 24. Kg2 h6 25. f5 hxg5 26. Rae1 Be5 27. fxg6 Nf4+ 28. Rxf4 gxf4 29. g7+ Kxg7 30. Rg1 Kf8 31. Rf1 Qe7 32. Rf2 Qa7 33. Qf3 Qxa2 34. b4 Qb1 35. Rf1 Qg6+ 36. Kh1 Ke7 37. c4 Qc2 38. Qf2 Qxc4 0-1

[Event "North Cardiff v The Full Ponty"]
[Site "?"]
[Date "2023.10.22"]
[Round "1"]
[White "Fowler, Hugo"]
[Black "Davis, Lee"]
[Result "1/2-1/2"]
[WhiteElo "1952"]
[BlackElo "1891"]
[PlyCount "65"]
[EventDate "2023.??.??"]

1. e4 g6 2. d4 d6 3. Nc3 Nf6 4. h3 Bg7 5. Nf3 O-O 6. Be3 c6 7. a4 Qa5 8. Qd2 b5 9. Bd3 b4 10. Ne2 e5 11. c3 exd4 12. Nfxd4 bxc3 13. Qxc3 Qxc3+ 14. Nxc3 Re8 15. O-O d5 16. exd5 Nxd5 17. Nxd5 cxd5 18. Rac1 Bd7 19. b3 Bxd4 20. Bxd4 Nc6 21. Bc3 d4 22. Bb2 Nb4 23. Bc4 d3 24. Rcd1 Be6 25. Bxe6 Rxe6 26. Bc3 Rb8 27. Bxb4 Rxb4 28. Rxd3 Reb6 29. Rd7 Ra6 30. Rc1 Rxb3 31. Rcc7 Rf6 32. Rb7 Ra3 33. f3 1/2-1/2

[Event "North Cardiff v The Full Ponty"]
[Site "?"]
[Date "2023.10.22"]
[Round "1"]
[White "Harris, Calum"]
[Black "Hatchett, Paul"]
[Result "0-1"]
[WhiteElo "1812"]
[BlackElo "1943"]
[PlyCount "104"]
[EventDate "2023.??.??"]

1. e4 Nf6 2. e5 Nd5 3. d4 d6 4. c4 Nb6 5. exd6 exd6 6. Bd3 d5 7. c5 N6d7 8. Nf3 Be7 9. O-O b6 10. b4 a5 11. Qa4 Bb7 12. Re1 O-O 13. Be3 Bf6 14. Nbd2 axb4 15. Qxb4 Ba6 16. Bf5 bxc5 17. Qb1 g6 18. Bh6 Re8 19. Bxd7 Nxd7 20. Qb3 c4 21. Qc3 Nf8 22. Rxe8 Qxe8 23. Qa5 Qd8 24. Bxf8 Kxf8 25. Ne5 Kg7 26. Ndf3 Qd6 27. a4 Rb8 28. Nd7 Qb4 29. Qxb4 Rxb4 30. Nc5 Rb6 31. Kf1 Be7 32. Nd7 Rb2 33. Nc5 Bxc5 34. dxc5 c3+ 35. Ke1 Re2+ 36. Kd1 c2+ 37. Kc1 d4 38. Kb2 d3 39. Rf1 Re4 40. Ra1 Kf6 41. g3 Ke7 42. Kc3 Rxa4 43. Re1+ Kf6 44. Rc1 Ke6 45. Ne1 Kd5 46. Kd2 Ra3 47. Nf3 f6 48. Re1 Kxc5 49. Re7 Kd6 50. Rf7 Ra1 51. Rxf6+ Ke7 52. Rc6 Rd1+ 0-1

[Event "North Cardiff v The Full Ponty"]
[Site "?"]
[Date "2023.10.22"]
[Round "1"]
[White "Macdonald, Duncan"]
[Black "Wilmot, Dabiel"]
[Result "1-0"]
[WhiteElo "1713"]
[BlackElo "1679"]
[PlyCount "115"]
[EventDate "2023.??.??"]

1. c4 Nf6 2. Nc3 e6 3. Nf3 c5 4. g3 d5 5. cxd5 exd5 6. d4 Nc6 7. Bg2 Be6 8. O-O Be7 9. Bg5 O-O 10. Rc1 cxd4 11. Nxd4 Qb6 12. Nb3 d4 13. Na4 Qb5 14. Nac5 Bd5 15. Bxd5 Nxd5 16. Bxe7 Ndxe7 17. a4 Qb4 18. Qd3 Rfd8 19. Rfd1 Rd5 20. Qb5 b6 21. Qxb4 Nxb4 22. Nd3 Nbc6 23. Nf4 Rd6 24. e3 Rad8 25. exd4 g5 26. Ne2 Nf5 27. Rc4 Re8 28. Nc3 h5 29. Nb5 Rde6 30. Kf1 Rf6 31. Kg1 Re2 32. Nd2 g4 33. Nc3 Re8 34. Nde4 Rg6 35. d5 Ne5 36. Rc7 Nf3+ 37. Kg2 h4 38. Rc6 h3+ 39. Kh1 Rxc6 40. dxc6 Rc8 41. Nd6 Nxd6 42. Rxd6 Re8 43. Rd1 Rc8 44. Nd5 Kf8 45. Rc1 Nd4 46. c7 f5 47. Rc4 Ne6 48. Rc6 Kf7 49. a5 bxa5 50. Ra6 Ra8 51. Rxa7 Nxc7 52. Rxc7+ Ke6 53. Ne3 Rb8 54. Rc2 a4 55. Kg1 Ke5 56. Kf1 Rb4 57. Ke2 Re4 58. Rc4 1-0

[Event "North Cardiff v The Full Ponty"]
[Site "?"]
[Date "2023.10.22"]
[Round "1"]
[White "Thomas, Roy"]
[Black "Szakmany, Bence"]
[Result "0-1"]
[WhiteElo "1655"]
[BlackElo "1676"]
[PlyCount "76"]
[EventDate "2023.??.??"]

1. f4 d5 2. e3 c5 3. Nf3 Nc6 4. Be2 g6 5. d3 Bg7 6. O-O e6 7. Nc3 Nge7 8. e4 O-O 9. Qe1 Nd4 10. Bd1 dxe4 11. dxe4 b6 12. Nxd4 cxd4 13. Nb1 e5 14. fxe5 Nc6 15. Bf4 Nxe5 16. Nd2 Bb7 17. Qg3 Qe7 18. Be2 Rac8 19. Rac1 a6 20. Nf3 Nxf3+ 21. Bxf3 Rfd8 22. e5 h6 23. Bxb7 Qxb7 24. e6 Kh7 25. exf7 Rf8 26. Bxh6 Bxh6 27. Rf6 Qe4 28. Re1 Be3+ 29. Kh1 Rc6 30. Rxc6 Qxc6 31. Rf1 Qe6 32. Qh4+ Kg7 33. Rf3 Rxf7 34. Qg3 Rxf3 35. gxf3 Qc6 36. Qe5+ Kf7 37. Kg2 Qxc2+ 38. Kh3 Qf5+ 0-1

[Event "Cardiff Tigers v White Knights"]
[Site "?"]
[Date "2023.10.22"]
[Round "1"]
[White "Zedlmayer, Leon"]
[Black "Thomas, Mark"]
[Result "0-1"]
[WhiteElo "1790"]
[BlackElo "1778"]
[PlyCount "100"]
[EventDate "2023.??.??"]

1. d4 g6 2. e4 Bg7 3. Nf3 d6 4. Bc4 Nf6 5. Nc3 O-O 6. h3 Nxe4 7. Nxe4 d5 8. Ned2 dxc4 9. Nxc4 Nc6 10. c3 b6 11. O-O Bb7 12. Bg5 f6 13. Bh4 e6 14. Re1 Qd7 15. Qb3 Ne7 16. Ncd2 Bd5 17. c4 Bb7 18. d5 exd5 19. cxd5 Nxd5 20. Rad1 Rfe8 21. Ne4 Qf7 22. Bg3 Red8 23. Nc5 Bc6 24. Ne6 Rd7 25. Nfd4 Bb7 26. Nc5 bxc5 27. Qxb7 Nb6 28. Nc6 Bf8 29. a4 Re8 30. a5 Nc4 31. Kh2 Nd6 32. Qxa7 Rxe1 33. Rxe1 Nf5 34. Nb8 Rd2 35. Qxc7 Nxg3 36. Qxf7+ Kxf7 37. fxg3 Rxb2 38. Nc6 Ra2 39. Re3 Ra1 40. h4 Bd6 41. Rd3 Be5 42. Nd8+ Ke7 43. Nb7 c4 44. Rd5 Ra3 45. h5 Bxg3+ 46. Kh3 Be5+ 47. Kh4 g5+ 48. Kg4 Ke6 49. Rxe5+ Kxe5 50. h6 c3 0-1

[Event "Cardiff Tigers v White Knights"]
[Site "?"]
[Date "2023.10.22"]
[Round "1"]
[White "Guy, David"]
[Black "Quinn, Peter"]
[Result "1/2-1/2"]
[WhiteElo "1801"]
[BlackElo "1654"]
[PlyCount "82"]
[EventDate "2023.??.??"]

1. d4 c6 2. e4 Nf6 3. Nc3 d6 4. Nf3 Bg4 5. Be2 Qa5 6. Qd2 Nbd7 7. O-O e5 8. h3 Bxf3 9. Bxf3 Be7 10. Re1 O-O 11. Nd5 Qd8 12. Nxe7+ Qxe7 13. c3 h6 14. b3 Rfd8 15. Bb2 b6 16. g3 Rac8 17. Bg2 c5 18. d5 c4 19. b4 b5 20. a4 a6 21. a5 Rc7 22. Rad1 Rf8 23. Bc1 Nh7 24. g4 Rb7 25. Re3 Ndf6 26. Qe2 Qd7 27. Rg3 Kh8 28. g5 hxg5 29. Bxg5 g6 30. h4 Nh5 31. Re3 Kg7 32. Bh3 Qe8 33. Rf3 Nxg5 34. hxg5 Nf4 35. Qe3 Rh8 36. Kh2 Rh5 37. Rg1 Qd8 38. Rfg3 Qh8 39. Rh1 Nxh3 40. Rxh3 Rxh3+ 41. Qxh3 Rb8 1/2-1/2

[Event "Cardiff Tigers v White Knights"]
[Site "?"]
[Date "2023.10.22"]
[Round "1"]
[White "Fox, Chris"]
[Black "Jones, Martin"]
[Result "0-1"]
[WhiteElo "1683"]
[BlackElo "1723"]
[PlyCount "68"]
[EventDate "2023.??.??"]

1. Nf3 d5 2. g3 Nf6 3. Bg2 c6 4. d4 Bf5 5. O-O h6 6. Nbd2 Nbd7 7. c4 e6 8. b3 Be7 9. Bb2 O-O 10. Re1 Re8 11. Rc1 a5 12. a3 Rc8 13. c5 b6 14. b4 bxc5 15. bxc5 Rb8 16. Ba1 Qc7 17. Ne5 Nxe5 18. dxe5 Nd7 19. e4 dxe4 20. Nxe4 Bxe4 21. Bxe4 Nxc5 22. Bg2 Red8 23. Qf3 Qb6 24. Qxc6 Qxc6 25. Bxc6 Nd3 26. Be4 Nxe1 27. Rxe1 Bxa3 28. Kg2 Bb4 29. Rc1 Rbc8 30. Rb1 Rd2 31. Rf1 Re2 32. Bd3 Re1 33. Bb2 Rxf1 34. Kxf1 a4 0-1

[Event "Cardiff Tigers v White Knights"]
[Site "?"]
[Date "2023.10.22"]
[Round "1"]
[White "Jones, Huw"]
[Black "Graczyk, Piotr"]
[Result "1/2-1/2"]
[WhiteElo "1624"]
[BlackElo "1565"]
[PlyCount "42"]
[EventDate "2023.??.??"]

1. c4 c5 2. Nc3 Nf6 3. g3 Nc6 4. Bg2 e5 5. e4 d6 6. Nge2 Be6 7. d3 h6 8. O-O Qd7 9. f4 Bh3 10. f5 Bxg2 11. Kxg2 Be7 12. h3 h5 13. Be3 Nd4 14. a3 a5 15. Bg5 Ng4 16. hxg4 Bxg5 17. gxh5 f6 18. Nxd4 exd4 19. Nd5 Rb8 20. a4 b6 21. g4 Rb7 1/2-1/2

[Event "The Full Ponty v Morriston Extras"]
[Site "?"]
[Date "2023.10.22"]
[Round "1"]
[White "Estevez, Sergio"]
[Black "Williams, Duncan"]
[Result "1/2-1/2"]
[WhiteElo "1394"]
[BlackElo "1831"]
[PlyCount "49"]
[EventDate "2023.??.??"]

1. e4 e5 2. Nc3 Nf6 3. f4 d5 4. fxe5 Nxe4 5. Qf3 Nxc3 6. bxc3 Be7 7. d4 O-O 8. Bd3 g6 9. Bh6 Re8 10. Ne2 Bf8 11. Bxf8 Rxf8 12. O-O Be6 13. Nf4 Nc6 14. Nxe6 fxe6 15. Qh3 Qe7 16. Qh6 Qg7 17. Qxg7+ Kxg7 18. Bb5 Nd8 19. Rxf8 Kxf8 20. Rf1+ Ke7 21. h4 c5 22. Bd3 Nc6 23. Bb5 Nd8 24. Bd3 Nc6 25. Bb5 1/2-1/2

[Event "The Full Ponty v Morriston Extras"]
[Site "?"]
[Date "2023.10.22"]
[Round "1"]
[White "Eustis, Ian"]
[Black "Stevens, Kevin"]
[Result "0-1"]
[WhiteElo "1779"]
[BlackElo "1282"]
[PlyCount "54"]
[EventDate "2023.??.??"]

1. Nf3 d5 2. d4 Nf6 3. c3 e6 4. Bf4 Bd6 5. Ne5 O-O 6. e3 Nbd7 7. Nd2 a6 8. Bd3 c5 9. Nxf7 Rxf7 10. Bxd6 cxd4 11. exd4 Qb6 12. Ba3 e5 13. Qb3 Qc7 14. O-O e4 15. Be2 Qf4 16. Qc2 Nb6 17. Rae1 Qg5 18. Kh1 Ng4 19. Bxg4 Bxg4 20. Re3 Rxf2 21. Rxf2 Qxe3 22. Nf1 Qe1 23. h3 e3 24. Rf4 e2 25. hxg4 Qxf1+ 26. Rxf1 exf1=Q+ 27. Kh2 Nc4 0-1

[Event "The Full Ponty v Morriston Extras"]
[Site "?"]
[Date "2023.10.22"]
[Round "1"]
[White "Nalej, Tomasz"]
[Black "Sipho, Donovan"]
[Result "0-1"]
[WhiteElo "1086"]
[BlackElo "1668"]
[PlyCount "78"]
[EventDate "2023.??.??"]

1. d4 Nf6 2. c4 d5 3. Nf3 c6 4. Nc3 e6 5. a3 dxc4 6. e4 b5 7. e5 Nd5 8. Nxd5 cxd5 9. b4 Qb6 10. Bb2 Nc6 11. Be2 a5 12. O-O axb4 13. axb4 Rxa1 14. Qxa1 Bxb4 15. Rc1 O-O 16. Qb1 Be7 17. h4 f5 18. exf6 Bxf6 19. Rd1 Bd7 20. g3 b4 21. Kg2 Qa7 22. Ng5 Bxg5 23. hxg5 g6 24. Bh5 Be8 25. Bg4 Bd7 26. Bc1 b3 27. Bb2 Ne7 28. Re1 Nf5 29. Bxf5 Rxf5 30. Bc1 Qxd4 31. Rf1 Bb5 32. Be3 Qe4+ 33. Kg1 Qxb1 34. Rxb1 e5 35. Ra1 b2 36. Ra8+ Rf8 37. Rxf8+ Kxf8 38. Bc5+ Kf7 39. Bd6 b1=Q+ 0-1

[Event "The Full Ponty v Morriston Extras"]
[Site "?"]
[Date "2023.10.22"]
[Round "1"]
[White "Beeston, Darston"]
[Black "Rhouani, Emir"]
[Result "0-1"]
[WhiteElo "1691"]
[BlackElo "900"]
[PlyCount "64"]
[EventDate "2023.??.??"]

1. e4 c6 2. d4 d5 3. f3 e6 4. Nc3 Bb4 5. Bd2 Ne7 6. Bd3 a6 7. Nge2 Ng6 8. O-O O-O 9. e5 Qb6 10. Na4 Qa5 11. Bxb4 Qxb4 12. c3 Qa5 13. Qc2 Nd7 14. b4 Qd8 15. f4 f5 16. Rae1 b5 17. Nc5 Nb6 18. g4 Nc4 19. Ng3 Qh4 20. gxf5 Nxf4 21. Rf3 Nxd3 22. Qxd3 exf5 23. e6 f4 24. Ne2 Qxe1+ 25. Rf1 Qh4 26. Rf3 Bxe6 27. Nxe6 Qg4+ 28. Kh1 Qxe6 29. Rh3 h6 30. Rf3 Qg4 31. h3 Qg5 32. Kh2 Ne3 0-1

[Event "Castell Nedd v North Cardiff Lions"]
[Site "?"]
[Date "2023.10.22"]
[Round "1"]
[White "Beck, Michael"]
[Black "Kennedy, Alex"]
[Result "1-0"]
[WhiteElo "1740"]
[BlackElo "1516"]
[PlyCount "65"]
[EventDate "2023.??.??"]

1. c4 Nf6 2. Nc3 g6 3. d4 Bg7 4. Nf3 O-O 5. e4 d6 6. Be2 e5 7. d5 a5 8. a3 Nbd7 9. Bg5 h6 10. Bxf6 Qxf6 11. b4 Qe7 12. O-O f5 13. Rb1 Nf6 14. Bd3 axb4 15. axb4 f4 16. Qc2 g5 17. Nb5 g4 18. Nh4 Qe8 19. Nxc7 Qh5 20. Nxa8 Qxh4 21. g3 Qh3 22. Rfe1 fxg3 23. fxg3 Nh7 24. Rf1 Bf6 25. Nb6 Ng5 26. Be2 Kg7 27. c5 Qh5 28. cxd6 Nh3+ 29. Kh1 Qg5 30. d7 Bxd7 31. Nxd7 h5 32. Nxf8 h4 33. Ne6+ 1-0

[Event "Castell Nedd v North Cardiff Lions"]
[Site "?"]
[Date "2023.10.22"]
[Round "1"]
[White "Anandkumar, Govin"]
[Black "Thomas, Jonathan"]
[Result "0-1"]
[WhiteElo "1208"]
[BlackElo "1780"]
[PlyCount "62"]
[EventDate "2023.??.??"]

1. e4 c5 2. c3 Nf6 3. e5 Nd5 4. d4 cxd4 5. cxd4 d6 6. f4 Nc6 7. Nf3 Bg4 8. Nc3 Nxc3 9. bxc3 e6 10. Bd3 Qc7 11. O-O g6 12. Bd2 Bg7 13. Qc2 Rc8 14. Rac1 O-O 15. Be3 Ne7 16. Nd2 Nd5 17. Rfe1 dxe5 18. fxe5 Qxc3 19. Qxc3 Rxc3 20. Rxc3 Nxc3 21. Bc4 Rc8 22. Kf1 Bf5 23. h3 Nd5 24. g4 Rxc4 25. Nxc4 Bd3+ 26. Kf2 Bxc4 27. Rc1 Nxe3 28. Kxe3 Bh6+ 29. Kf2 Bxc1 30. Ke1 Bxa2 31. Kd1 Be3 0-1

[Event "Castell Nedd v North Cardiff Lions"]
[Site "?"]
[Date "2023.10.22"]
[Round "1"]
[White "Westcott, Dale"]
[Black "Sarwar, Adam"]
[Result "1-0"]
[WhiteElo "1594"]
[BlackElo "926"]
[PlyCount "51"]
[EventDate "2023.??.??"]

1. Nf3 d5 2. g3 Nc6 3. d4 Nf6 4. Bg2 Bg4 5. O-O e6 6. c4 dxc4 7. Qa4 Be7 8. Ne5 O-O 9. Nxc6 bxc6 10. Qxc4 Qd6 11. Bf4 Qb4 12. Qxb4 Bxb4 13. e3 Nd5 14. Bxd5 cxd5 15. Bxc7 Be2 16. Rc1 Rac8 17. Na3 Bxa3 18. bxa3 f6 19. Rab1 Bc4 20. Bd6 Rfe8 21. Rb7 Ra8 22. f4 Bxa2 23. Rcc7 g5 24. Rg7+ Kh8 25. Rxh7+ Kg8 26. Rbg7# 1-0

[Event "Abergavenny v North Cardiff Pumas"]
[Site "?"]
[Date "2023.10.22"]
[Round "1"]
[White "Allford, Zane"]
[Black "Smith, Ellison"]
[Result "1-0"]
[WhiteElo "1659"]
[BlackElo "1514"]
[PlyCount "81"]
[EventDate "2023.??.??"]

1. e4 c6 2. d4 d5 3. Nc3 dxe4 4. Nxe4 Nf6 5. Nxf6+ exf6 6. Be3 Bd6 7. Nf3 O-O 8. Bd3 Re8 9. c3 Nd7 10. Qd2 Nf8 11. O-O-O Be6 12. Kb1 b5 13. Bf4 Bxf4 14. Qxf4 Qa5 15. a3 Qa4 16. Nd2 Bc4 17. Bc2 Qa6 18. Rhe1 Ng6 19. Qd6 Red8 20. Qg3 Bd5 21. Nb3 Bxb3 22. Bxb3 Qb7 23. f4 Qd7 24. h4 h6 25. Qxg6 a5 26. Qe4 Re8 27. Qd3 Rxe1 28. Rxe1 Ra7 29. Qe4 Qg4 30. Qe8+ Kh7 31. Bxf7 Qf5+ 32. Ka1 h5 33. Be6 Qxf4 34. Qg8+ Kh6 35. Qh8+ Kg6 36. Qe8+ Kh6 37. Bd7 Qxh4 38. Qh8+ Kg6 39. Be8+ Kf5 40. Qh7+ Kf4 41. Re4+ 1-0